书目信息 |
| 题名: |
唐山市畜牧志
|
|
| 作者: | 杨学诚 主编 ;王田 编 | |
| 分册: | ||
| 出版信息: | 天津 天津人民出版社 2002 |
|
| 页数: | 281页 | |
| 开本: | 24cm | |
| 丛书名: | ||
| 单 册: | ||
| 中图分类: | F326.372.23 | |
| 科图分类: | ||
| 主题词: | 农业经济--中国 | |
| 电子资源: | ||
| ISBN: | 7-201-04048-0 | |
| 000 | 00635nam0 2200205 450 | |
| 001 | 0661480215 | |
| 005 | 20061101170705.65 | |
| 010 | @a7-201-04048-0@b精装@dCNY50.00 | |
| 100 | @a20061101d2002 km y0chiy0120 ea | |
| 101 | 0 | @achi |
| 102 | @aCN@b120000 | |
| 200 | 1 | @a唐山市畜牧志@Atang shan shi chu mu zhi@f杨学诚主编@Fyang xue cheng zhu bian@g王田等编@Gwang tian deng bian |
| 210 | @a天津@c天津人民出版社@d2002 | |
| 215 | @a281页@d24cm | |
| 606 | 0 | @a农业经济@x中国 |
| 690 | @aF326.372.23@v3 | |
| 701 | 0 | @a杨学诚@Ayang xue cheng@4主编 |
| 702 | 0 | @a王田@Awang tian@4编 |
| 801 | 0 | @aCN@bPFT@c20061101 |
| 905 | @a10447@dF326.372.23@e65 | |
| 唐山市畜牧志/杨学诚主编/王田等编.-天津:天津人民出版社,2002 |
| 281页;24cm |
| ISBN 7-201-04048-0(精装):CNY50.00 |
| ● |
| 相关链接 |
|
|
|
|
正题名:唐山市畜牧志
索取号:F326.372.23/65
 
预约/预借
| 序号 | 登录号 | 条形码 | 馆藏地/架位号 | 状态 | 备注 |
| 1 | 0387917 | 203879179 | 第一样本阅览室/ [索取号:F326.372.23/65] | 在馆 |